00936nam a2200241Ia 450000100060000000300090000600800410001504000130005604000130006904100130008210000190009510000290011424500540014324500540019725000110025126000100026226000100027226000490028230000430033150002740037465000150064865000310066337959IT-RoPAU130308s9999 xx 000 0 und d aIT-RoPAU cIT-RoPAU aFRANCESE aBarthes Roland gCodice Aut. SPICS: 9514 aBruissement de la langue (Le)-Essais critiques IV bBruissement de la Langue (Le)-Essais Critiques Iv a1a ed. aPARIS bSeuil c1984 [1° Ed.:1984 - Ed.Ling.Originale:1984] a"418 p. (prefazione: no ; testo: 418)" aSemiologia Dalla Scienza Alla Letteratura Linguaggio Stile Segno Lettura immagine mitologia Digressioni Fruscio della Lingua Analisi Retorica Dalla Storia al Reale Scrittura dell'Avvenimento Apprendere e insegnare Riletture di Michelet e Brecht Discorso e Discorsivita' aSEMIOLOGIA eCodice materia Spics: 3251